00301nam a2200121Ia 4500008004100000041000800041100001100049245004500060260002800105300000900133520001200142650002500154230818s2003 xx 000 0 und d aeng aKushel aThe inside track to successful Managment bViva books Mumbaic2003 a304p aGeneral aMarketing Management